|
|
|
|
| LEADER |
00000nam2a2200000 4500 |
| 001 |
78584 |
| 005 |
20231031093908.0 |
| 010 |
|
|
|a 5020337528
|
| 035 |
|
|
|a (RuTPU)RU\TPU\book\84266
|
| 090 |
|
|
|a 78584
|
| 100 |
|
|
|a 20050627d2005 k y0rusy50 ca
|
| 101 |
0 |
|
|a rus
|
| 102 |
|
|
|a RU
|
| 105 |
|
|
|a a z 001zy
|
| 200 |
0 |
|
|a Т. 2: Горение и взрыв
|
| 210 |
|
|
|d 2005
|
| 215 |
|
|
|a 704 с.
|c ил.
|
| 320 |
|
|
|a Библиография в конце докладов.
|
| 330 |
|
|
|a Второй том избранных трудов содержит работы первого советского лауреата Нобелевской премии Н. Н. Семенова (1896-1986) по горению и взрыву. В нем естественно и логично развит материал первого тома. В том включены отдельные фрагменты, характеризующие личное участие Н. Н. Семенова в ядерном Проекте. Для специалистов в области химической физики, химии и физики, преподавателей, аспирантов, студентов и всех интересующихся проблемами выдающихся научных открытий.
|
| 461 |
|
1 |
|0 (RuTPU)RU\TPU\book\75270
|y 5-02-032961-4
|t Избранные труды
|o в 4 т.
|f Н. Н. Семенов
|g Российская академия наук; Институт химической физики им. Н. Н. Семенова РАН; Комиссия по разработке научного наследия ак. Н.Н. Семенова
|v Т. 2: Горение и взрыв
|d 2004-
|
| 610 |
1 |
|
|a химия
|
| 610 |
1 |
|
|a химическая физика
|
| 610 |
1 |
|
|a химическая термодинамика
|
| 610 |
1 |
|
|a горение
|
| 610 |
1 |
|
|a взрыв
|
| 610 |
1 |
|
|a физика
|
| 610 |
1 |
|
|a электроны
|
| 610 |
1 |
|
|a столкновения
|
| 610 |
1 |
|
|a ионизация
|
| 610 |
1 |
|
|a свечение
|
| 610 |
1 |
|
|a газы
|
| 610 |
1 |
|
|a атомная теория
|
| 610 |
1 |
|
|a теория Бора
|
| 610 |
1 |
|
|a теплота
|
| 610 |
1 |
|
|a сродство
|
| 610 |
1 |
|
|a электронные явления
|
| 610 |
1 |
|
|a молекулярные пучки
|
| 610 |
1 |
|
|a кинетика
|
| 610 |
1 |
|
|a гомогенное горение
|
| 610 |
1 |
|
|a самовоспламенение
|
| 610 |
1 |
|
|a цепные реакции
|
| 675 |
|
|
|a 544.431
|v 3
|
| 801 |
|
1 |
|a RU
|b 63413507
|c 20050627
|g PSBO
|
| 801 |
|
2 |
|a RU
|b 63413507
|c 20130802
|g PSBO
|
| 942 |
|
|
|c BK
|
| 959 |
|
|
|a 53/20050505
|d 1
|e 0
|f НФ:1
|